| 000 | 00590nam a2200181 4500 | ||
|---|---|---|---|
| 001 | 132863 | ||
| 003 | ES-MaACL | ||
| 007 | t| | ||
| 008 | 070214s1942 sp r ||||1| spa d | ||
| 100 | 1 |
_aRosich y Rubiera, Juan. _999781 |
|
| 245 | 1 | 0 |
_aMotores térmicos e hidráulicos _b: termodinámica : ciclos, motores de explosión y diesel / _cJuan Rosich y Rubiera. |
| 260 |
_aBarcelona : _bSpes, _c1942. |
||
| 300 |
_a269 p. : _bil. ; _c22 cm. |
||
| 490 | 1 | _aErgón. Col. técnica | |
| 830 | 0 |
_aErgón. Col. técnica _9186909 |
|
| 852 |
_aES-MaACL _jE-1977 _bR.22949 |
||
| 999 |
_c132863 _d132863 |
||